logo

Bir Sreshtho Munshi Abdur Rouf Library
Jhenaidah Cadet College

রূপ-রূপালী / (Record no. 827)

MARC details
000 -LEADER
fixed length control field 00769nam a2200253 a 4500
001 - CONTROL NUMBER
JCCL Control Number 827
003 - CONTROL NUMBER IDENTIFIER
JCCL marc code BD-JhCC
005 - DATE AND TIME OF LATEST TRANSACTION
control field 20220825134021.0
008 - FIXED-LENGTH DATA ELEMENTS--GENERAL INFORMATION
fixed length control field 171010s2012 bg |||| |||| 000 0 ben d
020 ## - INTERNATIONAL STANDARD BOOK NUMBER
International Standard Book Number 9789848942697
020 ## - INTERNATIONAL STANDARD BOOK NUMBER
International Standard Book Number 9848942696
035 ## - SYSTEM CONTROL NUMBER
system control number (BD-JhCC) 827
040 ## - CATALOGING SOURCE
Original cataloging agency BD-JhCC
Modifying agency BD-JhCC
041 ## - LANGUAGE CODE
Language code of Book ben
082 ## - DEWEY DECIMAL CLASSIFICATION NUMBER
DDC Edition number 23
Classification number 891.443
Author mark and Year IQB 2012
100 ## - MAIN ENTRY--PERSONAL NAME
Personal name ইকবাল, মুহম্মদ জাফর
245 ## - TITLE STATEMENT
Title রূপ-রূপালী /
Statement of responsibility, etc মুহম্মদ জাফর ইকবাল.
260 ## - PUBLICATION, DISTRIBUTION, ETC. (IMPRINT)
Place of publication, distribution, etc ঢাকা :
Name of publisher, distributor, etc সময় প্রকাশ,
Date of publication, distribution, etc ২০১২.
300 ## - PHYSICAL DESCRIPTION
Pagination 150 p. :
Dimensions 22 cm.
520 ## - SUMMARY, ETC.
Summary, etc Novel based on social themes; for juvenile.
650 ## - SUBJECT ADDED ENTRY--TOPICAL TERM
Topical term or geographic name as entry element Bengali Novel
942 ## - ADDED ENTRY ELEMENTS (KOHA)
Source of classification or shelving scheme Dewey Decimal Classification
Koha item type Books
Koha issues (borrowed), all copies 10
Holdings
Source of classification or shelving scheme Damaged status Not for loan Home library Current library Shelving location Date of accession Source of acquisition Cost, normal purchase price Total Checkouts Full call number Barcode Date last seen Date checked out Copy number Koha item type
Dewey Decimal Classification     JCC Rouf Library JCC Rouf Library General Stacks 10/10/2017 IPDC 225.00 3 891.443 IQB 2012 1793 05/12/2022 03/29/2022 C-1 Books
Dewey Decimal Classification     JCC Rouf Library JCC Rouf Library General Stacks 04/28/2019   213.00 5 891.443 IQB 2012 14719 09/26/2023 08/10/2023 C-2 Books

JCC Library | Contacts | JCC Home

Last Update on 23 September 2017
Copyright @ 2017-2020 JCC Rouf Library
Rouf Library, Jhenidah Cadet College (JCC), Bangladesh